| 000 | 00411cam a2200169ua 4500 | ||
|---|---|---|---|
| 020 | _c.75 | ||
| 041 |
_aeng _h |
||
| 082 |
_a301 _bWEL/ME |
||
| 100 | _aWellock, Wilfred . | ||
| 245 |
_aMechanistic or a human society / _cWilfred Wellock. _hTextual Documents |
||
| 260 |
_a : _bSarvodaya Prachuralaya , _c1968. |
||
| 300 | _a32 ; . | ||
| 365 | _a.75 | ||
| 504 | _a | ||
| 942 | _cBK | ||
| 999 |
_c5995 _d5995 |
||